Loading...
| Fine Arts - Classical Music | 0 | 7 | 1 | 0 | 65 | 13 | 51.71 | 5 | 7 | 0.00 | 0.00 |
| Fine Arts - Visual | 0 | 6 | 1 | 0 | 55 | 42 | 76.17 | 2 | 6 | 0.00 | 0.00 |
| Fine Arts - Other | 0 | 5 | 1 | 1 | 45 | 57 | 104.40 | 1 | 4 | 0.00 | 0.00 |
| History - American | 0 | 3 | 0 | 1 | 30 | 53 | 91.67 | 1 | 3 | 0.00 | 0.00 |
| Mythology | 0 | 3 | 0 | 1 | 30 | 39 | 82.67 | 1 | 2 | 0.00 | 0.00 |
| History - European | 0 | 2 | 0 | 0 | 20 | 87 | 98.50 | 0 | 2 | 0.00 | 0.00 |
| History - World | 0 | 2 | 0 | 0 | 20 | 37 | 79.50 | 0 | 1 | 0.00 | 0.00 |
| History - Other | 0 | 2 | 2 | 1 | 10 | 91 | 106.00 | 0 | 0 | 0.00 | 0.00 |
| Literature - European | 0 | 1 | 0 | 0 | 10 | 49 | 49.00 | 0 | 1 | 0.00 | 0.00 |
| Philosophy | 0 | 1 | 1 | 0 | 5 | 96 | 96.00 | 0 | 1 | 0.00 | 0.00 |
| Social Science | 0 | 0 | 2 | 0 | -10 | 0.00 | 0 | 0 | 0.00 | 0.00 |